Quizzes
Events
Quiz Creation
Community
Videos
Private Events
Remove Ads
Sign In
Join for FREE
Feedback
Dark Mode
Quiz Categories
Sports
Geography
Music
Movies
Television
Just For Fun
Miscellaneous
History
Literature
Language
Science
Gaming
Entertainment
Religion
Holiday
For Kids
Quiz Lab
Recent
Popular Today
Quiz Kudos Today
Editor Picks
Curator Picks
Quizzes by...
Day
Popularity
Type
Ratings
Length
Year
Community
Subscriptions
Recent Discussions
Orange Saloon
Badges
Playlists
Quests
Create
Leaderboards
Showdown
Live 5
Trivia Bingo
Activity
Puzzle Library
Sporcle Events
Private Events
Virtual Trivia
Globe League
Become a Host
Pub Owners
SporcleCon
Opinionation
Our Games
Videos
Blog
Mobile Apps
Partnerships
Remove Ads and Go Orange
Feedback
Sports
Athletes
MLB
NBA
NHL
NFL
Soccer
Sports Teams
WWE
NCAA
Football
Premier League
Basketball
Baseball
Hockey
Golf
Tennis
Cricket
Rugby
Auto Racing
Olympics
World Cup
Sports
Athletes
MLB
NBA
NHL
NFL
Soccer
Sports Teams
WWE
NCAA
Football
Premier League
Basketball
Baseball
Hockey
Golf
Tennis
Cricket
Rugby
Auto Racing
Olympics
World Cup
Random Quiz
Search Sporcle
×
Quiz Lab
Quiz Lab
Sports
Football
Type in answers that appear in a list
Type in answers that appear in a list
Classic
Best Score? Go Orange.
The 92 Stats
Can you name the 92 football teams in England? ?
By
ChubbyChutton
12m
92 Questions
456 Plays
456 Plays
456 Plays
Comments
Comments
Give Quiz Kudos
Give Quiz Kudos
-
- Ratings
hide this ad
Random Order
Randomize order of answers
Randomize order of answers
Replay
Link that replays current quiz
Next Quiz
Link to next quiz in quiz playlist
You Got
0%
They Got
Avg Score
53%
Avg Friend Score
Upgrade to see
Score Distribution
Jump to the score distribution portion of the page
Score
0/92
Timer
12:00
0
Plays Today
League
Team
% Correct
Premier League
Arsenal
93%
Premier League
Manchester United
86.4%
Premier League
Chelsea
86.2%
Premier League
Manchester City
86.2%
Premier League
Liverpool
83.3%
Premier League
Aston Villa
80.9%
Premier League
Everton
78.3%
Premier League
Tottenham
77.6%
Championship
Newcastle
77.6%
Premier League
West Ham
74.8%
League One
Leeds
73%
Premier League
Sunderland
72.8%
Premier League
Wolves
72.6%
Premier League
Birmingham
71.5%
Championship
Cardiff
70.8%
Championship
Swansea
70.6%
League One
Norwich
70.4%
League One
Southampton
70.4%
Championship
West Brom
70.2%
Premier League
Fulham
69.7%
Premier League
Portsmouth
68.6%
Championship
Sheffield United
66.7%
Championship
Sheffield Wednesday
66.4%
Championship
Nottingham Forest
66%
Premier League
Blackburn
65.4%
Championship
Leicester
65.1%
Premier League
Bolton
64.5%
Championship
Ipswich
64.5%
Premier League
Burnley
64%
Premier League
Stoke
63.4%
Championship
Crystal Palace
63.4%
League
Team
% Correct
Championship
QPR
62.5%
Premier League
Hull
62.3%
Championship
Derby
62.1%
Premier League
Wigan
61.8%
Championship
Bristol City
61.8%
Championship
Plymouth
61.4%
League One
Brighton
61%
League Two
Bournemouth
60.1%
Championship
Blackpool
59.2%
Championship
Watford
58.8%
League One
Bristol Rovers
58.6%
League One
Charlton
58.1%
League Two
Notts County
57.7%
Championship
Middlesbrough
56.8%
Championship
Reading
55.5%
League Two
Accrington
54.8%
League One
Millwall
54.4%
League One
Brentford
53.7%
Championship
Coventry
53.3%
League One
Huddersfield
50.4%
League One
Exeter
50.2%
Championship
Barnsley
49.8%
League Two
Bradford
49.6%
League One
MK Dons
49.3%
Championship
Preston
47.6%
League One
Carlisle
46.1%
League One
Gillingham
45%
Championship
Doncaster
44.5%
Championship
Peterborough
43.9%
League One
Leyton Orient
43.9%
League One
Swindon
43.2%
League
Team
% Correct
League Two
Port Vale
41.7%
League One
Tranmere
41.4%
League One
Oldham
41%
League One
Yeovil
40.8%
League Two
Bury
39.7%
League Two
Crewe
39.3%
League One
Walsall
39%
League Two
Northampton
38.6%
League One
Colchester
37.9%
League Two
Rotherham
37.9%
League Two
Lincoln
37.1%
League Two
Grimsby
36.6%
League One
Wycombe
36.4%
Championship
Scunthorpe
36.2%
League One
Hartlepool
36%
League Two
Chesterfield
34.6%
League One
Southend
34.4%
League Two
Dagenham
34%
League Two
Rochdale
33.6%
League Two
Barnet
33.3%
League Two
Torquay
32.2%
League Two
Macclesfield
31.4%
League Two
Shrewsbury
31.4%
League Two
Cheltenham
31.1%
League One
Stockport
30.7%
League Two
Darlington
26.8%
League Two
Aldershot
25.4%
League Two
Hereford
24.8%
League Two
Morecambe
24.1%
League Two
Burton Albion
21.3%
Quiz Playlist
Details
Report
Send in Message
Add To Playlist
Classic:
Type in answers that appear in a list
Random Order:
Randomize order of answers
Last Updated: Feb 16, 2017
Quiz Scoreboard
CHALLENGE
Sign Up to Join the Scoreboard
Show All
Scores
Hide
Comments
May contain spoilers
Recently Published
Pick 6: Fruits
by JohnFran
Miscellaneous
15s
Click the 1999 NBA Draft
by nibperrychub
Sports
2m
Alphabetical 'K' Countries by Flag Minefield
by ylime102
Geography
3m
More to Explore
Quiz From the Vault
Featured Blog Post
15 Basketball Trivia Facts You Can Be March Mad About
hide this ad
You Might Also Like...
Tags
Football Quiz
England
League
team
Today's Top Quizzes in Sports
Browse Sports
hide this ad
Today's Top Quizzes in Football
Browse Football
Top Contributed Quizzes in Sports
1
Don't Strike Out: 3000 Strikeouts
2
MLB 2 truths and a lie: Hall of Fame pitchers
3
MLB Players with Two .350 Batting Average Seasons
4
Last 10 Members of the 500 HR Club in Order
5
Criteria MLB: Left Handed Sluggers
6
One Time Final Four Teams
7
Millionaire: NBA Finals Edition
8
MLB Teams by First Game
9
Pitchers With Multiple No-Hitters
10
Pick 6: NFL Teams
Explore More
Trending Topics
Disney
Anime
Kpop
Harry Potter
Crossword
Marvel
NBA
Puzzle
NFL
Song
Pokémon
WWE
The Office
Soccer
Country
hide this ad
More By:
ChubbyChutton
Quiz
Plays
Rating
Category
Featured
Created
The 92
456
Sports
Dec 11, 2009
Go to Creator's Profile
Score Distribution
Quiz Creator Spotlight
ChubbyChutton
Follow
Send a Message
Quizzes Created
-
Created Quiz Play Count
-
More By This Creator
Popular Quizzes Today
1
Find the US States - No Outlines Minefield
2
Countries of Asia Without Outlines Minefield
3
Pick 6: Fruits
4
Alphabetical 'K' Countries by Flag Minefield
5
The Countries of the World
6
Click the 1999 NBA Draft
7
Match the Book to the Film X
8
Find the US States
More Sports Quizzes
Premier League Stickers 1992/93
Quiz Lab
Trending Quizzes
Pick 6: Harry Potter
Pick 6: Mountains
Pick 6: NFL Teams
Pick 6: Golfers
Pick 6: Movie Franchises
Recently Updated
Women's Final Four Teams by Year
bhenderson79
Presidents Quartet II
eogle
Anything But Clue(do)
eogle
Anything But Oceanian Capitals
eogle
Anything But 7
eogle
Anything But Thing
eogle
Word Ladder: February 29
pecheneg
Song Title Questions
pecheneg
Women's NCAA Tournament #1 Seeds
pecheneg
Celebrity Mug Shots
pecheneg
Trending Topics
Anime
NBA
Disney
Harry Potter
Marvel
Kpop
Crossword
Soccer
WWE
Puzzle
NFL
Song
Country
The Office
Pokémon
Your Account Isn't Verified!
In order to create a playlist on Sporcle, you need to verify the email address you used during registration. Go to your
Sporcle Settings
to finish the process.
Report this User
Report this user for behavior that violates our
Community Guidelines
.
Details:
Send Report
Go to the Sporcle.com Mobile Site →
Comments